Регионална библиотека "Любен Каравелов" - Русе

Енциклопедия на първите (Запис номер 101252)

MARC детайли
000 -Лидер
Контролно поле с фиксирана дължина 01200nam a2200325 c 4500
003 - Код на организацията, давaща контролен номер
Контролно поле BLK
005 - Дата и час на последна редакция
Контролно поле 20200312133329.0
008 - Елементи от данни с фиксирана дължина
fixed length control field 180409b bul|||||r ||||||| ||bul||
010 ## - Наследен системен номер
LC control number KNG00106295000
040 ## - Източник на каталожния запис
Идентификатор на билиотеката - собственик на записа BLK
041 ## - Код за език
Код за езика на текст/звукозапис или на отделно заглавие Български
Код за езика КДБФ Български
080 ## - УДК
Текстов определител УДК Наука. Наукознание. Организация на умствения труд
УДК код - определител по УДК 001
УДК определител (035)
УДК - код + определител 001(035)
100 1# - Редна дума - Автор
Автор Ричардсън, Матю
Авторска отговорност първи автор
R(LIN) 308747
139 ## - Редно поле
Редна дума Ричардсън, Матю
Авторски знак Рич - Р 66
245 10 - Сведения за заглавието
Заглавие Енциклопедия на първите
Подзаглавни данни Открития, изобретения, постижения, идеи
Редно поле (дума) Матю Ричардсън; прев. от англ. Катя Герчева.
257 ## - Страна на издаване
Страна на създаване/издаване Великобритания
260 ## - Област на издателските данни
Име на издателя, разпространителя и проч. Плеяда
Година на издаване 2003
300 ## - Физическа характеристика
Страници 511 с.
Размери/Мащаб 24 см
380 ## - Жанр
Жанр Общ отдел
650 #4 - Допълнително описание по предмет – тема
Основно описание – тема или топоним Открития - история
9 (RLIN) 272522
650 #4 - Допълнително описание по предмет – тема
Основно описание – тема или топоним Изобретения
9 (RLIN) 156634
653 ## - Ключова дума – ненормативна
Ключова дума открития
653 ## - Ключова дума – ненормативна
Ключова дума изобретения
700 1# - Други автори (авторска отговорност)
Лично име Герчева, Катя
Автороска отговорност (Описва отношението между автора и произведението) прев. от англ.
9 (RLIN) 308748
852 ## - Местоположение
Форматна сигнатура Цб 214930
856 4# - Електронен адрес и достъп
Електронен формат pdf - файл
856 4# - Електронен адрес и достъп
Електронен формат pdf - файл
999 ## - СИСТЕМНИ КОНТРОЛНИ НОМЕРА
Koha biblionumber 101252
Koha biblioitemnumber 101252
942 ## - АРТИКУЛИ
Вид на библиотечния материал Книги
Скрит в OPAC Не
Периодичен библиозапис Да
944 ## - СЪЗДАВАНЕ И РЕДАКЦИЯ на ЗАПИСА
Създаване/Редакция Създаване
Дата на регистрацията/редакция 01.01.2003
Служител, извършил регистрацията/редакцията Кети_Илиева
944 ## - СЪЗДАВАНЕ И РЕДАКЦИЯ на ЗАПИСА
Създаване/Редакция Редакция
Дата на регистрацията/редакция 07.11.2012
999 ## - СИСТЕМНИ КОНТРОЛНИ НОМЕРА
Koha biblioitemnumber 101252
Наличности
Код за отписване Код за изгубен артикул Код за повреда Коз за рестрикции Код за отдаване Артикулен № Име на библиотеката - собственик Име на библиотеката, в която се намира в момента Статус (Текущо местоположение) Дата на вписване в системата Местоположение - отдел Цена в лева Инвентарен номер Систематично азбучна сигнатура Баркод Номер на екземпляра Цена в евро Служебна бележка Служебен тип на артикула Източник на класификационната схема
  Не е изгубен Не е повреден без рестрикции ползва се в читалня 162937 Регионална библиотека "Любен Каравелов" Русе Регионална библиотека "Любен Каравелов" Русе Читалня 2003-05-23 Читалня 25.00 120000676363 Ч1 001/Р 66 120000676363 1 12.78 Дост: Pk Вид: Ф N: 18 Дата: 23.05.2003 Дата инв: 21.03.2017 Бележки инв: Ч2017 Книги  
  Не е изгубен Не е повреден без рестрикции ползва се в читалня 162938 Регионална библиотека "Любен Каравелов" Русе Регионална библиотека "Любен Каравелов" Русе Детски отдел - справочен фонд 2003-05-23 Детски отдел - справочен фонд 25.00 120000676364 СД 0/Р 66 120000676364 2 12.78 Дост: Pk Вид: Ф N: 18 Дата: 23.05.2003 Дата инв: 20.11.2017 Бележки инв: СД2017 Книги Universal Decimal Classification
Vip Innovations Ltd, Rousse, Bulgaria 2025